Decode the Quiz #1 - Statistics

General Stats
  • This quiz has been taken 10 times
  • The average score is 43 of 129
Answer Stats
Hint Answer % Correct
2 B
100%
5 E
100%
8 H
100%
1 A
80%
1 A
80%
4 D
80%
6 E
80%
15 O
80%
16 O
80%
19 S
80%
20 T
80%
21 T
80%
22 T
80%
23 W
80%
25 Y
80%
7 E
60%
9 H
60%
9 I
60%
10 I
60%
11 I
60%
12 I
60%
11 K
60%
12 L
60%
17 Q
60%
20 S
60%
21 S
60%
23 T
60%
21 U
60%
26 Z
60%
2 A
40%
3 A
40%
4 A
40%
5 A
40%
8 E
40%
9 E
40%
10 E
40%
11 E
40%
12 E
40%
13 E
40%
14 E
40%
15 E
40%
16 E
40%
17 E
40%
18 E
40%
19 E
40%
20 E
40%
21 E
40%
22 E
40%
23 E
40%
24 E
40%
25 E
40%
26 E
40%
13 I
40%
12 K
40%
17 O
40%
22 S
40%
24 T
40%
25 T
40%
26 T
40%
27 T
40%
28 T
40%
29 T
40%
30 T
40%
31 T
40%
32 T
40%
33 T
40%
34 T
40%
35 T
40%
6 A
20%
7 A
20%
8 A
20%
9 A
20%
9 A
20%
10 A
20%
3 C
20%
4 C
20%
10 E
20%
6 F
20%
10 H
20%
11 H
20%
14 I
20%
15 I
20%
13 K
20%
14 K
20%
13 L
20%
13 M
20%
14 N
20%
18 O
20%
19 O
20%
16 P
20%
17 P
20%
18 R
20%
23 S
20%
24 S
20%
36 T
20%
37 T
20%
38 T
20%
39 T
20%
24 W
20%
5 D
0%
6 D
0%
7 D
0%
8 D
0%
12 H
0%
13 H
0%
14 H
0%
16 I
0%
17 I
0%
14 L
0%
15 L
0%
16 L
0%
14 M
0%
15 N
0%
16 N
0%
20 O
0%
21 O
0%
19 R
0%
20 R
0%
21 R
0%
22 R
0%
23 R
0%
22 U
0%
23 U
0%
24 U
0%
22 V
0%
23 V
0%
24 V
0%
26 Y
0%
27 Y
0%
No matching quizzes found
Score Distribution
Percent of People with Each Score
Percentile by Number Answered
Your Score History
You have not taken this quiz